01382 a2200169 4500003000500000005001700005040000900022082001700031100002500048245008000073250001100153260003200164300003700196505092100233600002401154650003401178Nust20221123141542.0 cNust a621.3813,BRO aBronwell, Arthur B. aTheory and application of microwaves /cArthur B. Bronwell & Robert E. Beam a1st ed aNew YorkbMcGraw-Hillc1947 axv, 470 p.billuscdiagrse24 cm aIntroduction (Page-1), Charges in Electric Fields(page-6), Current , Power and Energy Relationships (page-27) The Physical Basis of Equivalent Circuits (Page-43), Negative – Grid Triode Oscillators and Amplifiers (Page-60), Transit-time Oscillators (Pae-74), Magnetron Oscillators (Page-112), Transmission –line Equations (Page-146), Graphical Solution of Transmission –line problems (Page-164), Transmissions – line Networks (Page-176), Transmitting and Receiving Systems (Page-213), Pulsed Systems Radar (Page-237), Maxwell’s Equations (Page-247), Propagation and Reflection of Plane Waves (Page-265), Solution of Electromagnetic – Field Problems (Page-293), Wave Guide (Page-318) Impedance Discontinuities in Guides Resonators (Page-357), Applications of Wave Guide and Resonators (Page-384), Linear Antennas and Arrays (Page-400), Impedance of Antennas (Page-424) Other Radiating Systems (Page-437).  aBronwell Arthur B. aTelecommunication Engineering